000 01177cam a22003494i 4500
005 20230817094106.0
008 181023s2018 inua 001 0 eng
010 _a 2018962323
020 _a9781119541417 (pbk. : alk. paper)
020 _a1119541417 (pbk. : alk. paper)
040 _aDLC
_beng
_erda
_cDLC
042 _apcc
082 0 0 _a302.30285
_223
_bCOL-F
100 1 _aCollier, Marsha,
245 1 0 _aFacebook, Twitter, and Instagram for seniors for dummies /
_cby Marsha Collier.
246 3 4 _aFacebook, Twitter, & Instagram for seniors for dummies
250 _a3rd edition.
260 _aUSA
_bWiley
_c2019
264 1 _aHoboken, NJ :
_bFor dummies, a Wiley brand,
_c[2019]
300 _aix, 331 pages :
_billustrations ;
_c24 cm.
336 _atext
_btxt
_2rdacontent
337 _aunmediated
_bn
_2rdamedia
338 _avolume
_bnc
_2rdacarrier
490 0 _a--For dummies
500 _aIncludes index.
650 0 _aOnline social networks.
650 0 _aSocial media.
650 0 _aComputers and older people.
906 _a7
_bcbc
_corignew
_d2
_eepcn
_f20
_gy-gencatlg
999 _c33250
_d33250